000 00362 a2200121 4500
001 146822
040 _cEscola São Tomás de Aquino
100 _aAGUIAR, Luiz Antonio
240 1 0 _aTriste fim de Policarpo Quaresma
_lpor
245 1 0 _aTriste fim de Policarpo Quaresma
697 _aCaricaturas, desenho animado, cômico, fotonovelas / Quadrinhos
942 _cBK
999 _c146822
_d146822